| 000 | 00919nam0a22002651 4500 | ||
|---|---|---|---|
| 001 | rc\779372 | ||
| 005 | 20250622131036.0 | ||
| 035 | _a(NLR Aleph) 006305339 | ||
| 090 |
_a7294674 _c7294674 |
||
| 100 | _a20040301d1983 |||y0rusy50 ca | ||
| 101 | 0 | _arus | |
| 102 | _aRU | ||
| 105 | _aa ||||||||| | ||
| 200 | 1 | _aИсследование редкоземельных магнетиков нейтронными методами | |
| 210 |
_aТбилиси _cМецниереба _d1983 |
||
| 215 |
_a95 с. _cил. _d21 |
||
| 300 | _aВ надзаг.: АН ГССР, Ин-т физики | ||
| 320 | _aБиблиогр.: с. 89-94 (133 назв.) | ||
| 700 | 1 |
_aБаазов _bН.Г. _gНатан Герцелевич |
|
| 701 | 1 |
_aМанджавидзе _bА.Г. _gАвтандил Георгиевич |
|
| 801 | 0 |
_aRU _bNLR _gpsbo |
|
| 801 | 1 |
_aRU _bELAR _2rusmarc |
|
| 852 |
_aNLR _j83-6/6274 |
||
| 942 | _cBOOK | ||
| 980 | _aNB | ||